000 00766nam a2200241 a 4500
001 BRL_813
005 20190320210916.0
008 091013s1969----gw-a######---#000-0#ger-#
041 _ager
044 _agw
050 4 _aN2410.H47
_b.A44 1969
100 1 _aAlexiu, Stylianos
_925020
245 1 0 _aFührer Durch das Archäologische Museum von Heraklion
_cStylianos Alexius ; Einleitung von Prof. Nik. Platon
260 _aAthen
_bAltertümer und Denkmalpflege
_c1969
300 _a136 p.
_bil., 30 láminas
_c21 cm.
440 0 _aFührer
_v22
_925021
500 _aAu927
610 2 4 _aArchäologische Museum Heraklion
_vGuías
_zGrecia
_925022
650 1 4 _aMuseos arqueológicos
_zGrecia
_925023
700 1 _aPlaton, Nik.
_925024
902 _aGRL
942 _2lcc
_cB
999 _c9625
_d9625